03006 a2200205 45000010006000000050017000060080041000230030015000640400040000790800091001192450059002100200022002692640076002913000019003675052267003860410008026531000020026617000024026818560095027054548720260407155727.0260407a2009 arg spa dAR-UNSa-BCEJYS aAR-UNSa-BCEJYSbspacAR-UNSa-BCEJYS a338.124xRetroceso de la actividad económica. Contracción económica (Pobreza...)10aGeografía de la pobreza en el norte grande argentino a978-987-05-7010-3 1aTucumán :bInstituto de Investigaciones Geohistóricas CONICETc2009 a294 p.c28 cm. aCapítulo I : Objetivos y métodos : A. Objetivos generales y específicos. Campo conceptual y metodológico / Alfredo Bolsi, Horacio Madariaga, Norma Meichtry y Pablo Paolasso – B. La pobreza según otros indicadores. Posibilidades y problemas / Alejandra Fantín, Horacio Madariaga, Norma Meichtry y Pablo Paolasso – C. Sobre los conceptos de pobreza y subdesarrollo en el pensamiento económico moderno. La pobreza en la teoría económica tradicional / Hugo Ferullo - - Capítulo II : Núcleos duros, índices vitales y escenarios : A. Incidencia, intensidad y “ núcleos duros “ de la pobreza en el norte grande Argentino / Alfredo Bolsi, Claudia Hernández, Horacio Madariaga y Pablo Paolasso – B. El comportamiento de los índices vitales durante la década de 1990 / Alejandra Fantín, Fernando Longhi y Patricia Ortiz de D´Arterio – C. Algunos escenarios de la pobreza de un territorio fraccionado / Alfredo Bolsi, Alejandro Fntaín, Norma Meichtry, Pablo Paolasso y Viviana Pérez - - Capitulo III : El territorio : A. Ámbitos regional. Interrogantes y conjeturas. El territorio del norte grande Argentino como contexto de la pobreza / Alfredo Bolsi, Fernando Longhi, Norma Meichtry y Pablo Paolasso - - Capítulo IV : Caracteres de la pobreza según sus niveles : A. Atributos de los hogares y de la población del norte según los niveles de pobreza / Alfredo Bolsi y Horacio Madariaga con la colaboración de Viviana Pérez – B. Natalidad y mortalidad según los niveles de pobreza en el norte grande Argentino / Alejandra Fantín, Fernando Longhi y Patricia Ortiz de D´Arterio - - Capítulo V : Mundo agrario y pobreza : A. Mundo agrario y pobreza / Alfredo Bolsi, Pablo Paolasso y Ana Rivas - - Capítulo VI : Las ciudades y sus pobres : A. La pobreza en los aglomerados urbanos del norte grande Argentino / Alfredo Bolsi y Marcelo Mignone – B. Las condiciones de la pobreza en las localidades intermedias / Pablo Paolasso y Matías Toni – C. Notas sobre la pobreza urbana del norte a partir de las encuestas permanentes de hogares / Alfredo Bolsi – D. Migraciones intraprovinciales y pobreza en las capitales del norte grande Argentino entre 1995 y 2002 / Pablo Paolasso y Viviana Pérez.  aspa1 aPaolasso, Pablo1 aBolsi, Alfredo S.C.41uhttps://www.biblioeco.unsa.edu.ar/pmb/images/libros/L127119yImagen de portadaqimage/jpeg